| 000 | 00653nam a2200157 a 4500 | ||
|---|---|---|---|
| 008 | 120416s1993 ||||||||||||||||| || u | ||
| 020 | _a0309049415 | ||
| 050 | _aHB 1323.C5 Nat | ||
| 100 | _aGribble, James N | ||
| 245 | 1 | 0 |
_aEffects of health progress on child mortality in Sub-Saharan Africa _cedited by Douglas C. Ewbank |
| 260 |
_aWashington, [D.C.] _bNational Academy Press _c1993 |
||
| 350 | _a0.00 | ||
| 650 | _aCHILDREN--AFRICA, SUB-SAHARAN--MORTALITY | ||
| 700 | _aEwbank, Douglas C | ||
| 995 |
_D0.00 _FCBU-MAIN LIBRARY (Kitwe) _H1 _I0.00 _M1 _UAVAILABLE _ZAnnex Low-Usage Collection |
||
| 999 |
_c41340 _d41340 |
||